Districts Of Kosovo On A Map - Statistics

General Stats
  • This quiz has been taken 4,647 times
  • The average score is 5 of 7
Answers on the Map
Answers color-coded by a green-red scale on the quiz's map according to % correct below.
 
Answer Stats
District % Correct
Pristina
98%
Prizren
77%
Peć
74%
Mitrovica
73%
Gjilan
60%
Gjakova
59%
Ferizaj
58%
No matching quizzes found
Score Distribution
Percent of People with Each Score
Percentile by Number Answered
Your Score History
You have not taken this quiz